| 000 | 00555nam a2200205Ia 4500 | ||
|---|---|---|---|
| 003 | GCL | ||
| 008 | 140319s9999 xx 000 0 eng d | ||
| 040 |
_aGCL / _cGCL |
||
| 082 | 0 | 4 |
_a616.860081 _bN H |
| 100 | 1 | _aNOWINSKI, JOSEPH | |
| 245 | 1 | 0 |
_aHUNGRY HEARTS: ON MEN INTIMACY SELF-ESTEEM AND ADDICTION / _cNOWINSKI, JOSEPH |
| 260 |
_a[S.N] : _bLEXINGTON BOOKS ، _c1993 |
||
| 300 | _a163 P | ||
| 650 | 0 | 4 | _aMENTAL HEALTH |
| 650 | 0 | 4 | _aRISK FACTORS |
| 650 | 0 | 4 | _aCOMPUTIVE BEHAVIOR |
| 650 | 0 | 4 | _aSUBSTANCE ABUSE |
| 650 | 0 | 4 | _aMEN |
| 942 |
_2ddc _cBK |
||
| 999 |
_c22067 _d22067 |
||